[Event "Campeonato Individual para Veteranos 65 de Madrid 2024-2025"]
[Site "Madrid ESP"]
[Date "2025.05.20"]
[Round "2.7"]
[White "Olmedo Camacho, Jose"]
[Black "Lopez Heras, Arturo"]
[Result "1/2-1/2"]
[WhiteElo "1752"]
[BlackElo "1822"]
[PlyCount "84"]
[GameId "2179715880513710"]
[EventDate "2025.05.19"]

1. e4 c5 2. d4 cxd4 3. c3 d3 4. Bxd3 g6 5. Nf3 Bg7 6. O-O d6 7. Bg5 Nf6 8. Nbd2 O-O 9. Qb3 Nc6 10. Rad1 Qc7 11. Rfe1 Nd7 12. Bb1 Nc5 13. Qc2 a5 14. h3 Ne6 15. Bh4 Bd7 16. Nc4 Rac8 17. Ne3 Nf4 18. Nd5 Nxd5 19. exd5 Ne5 20. Nxe5 dxe5 21. Bxe7 Bf5 22. d6 Bxc2 23. dxc7 Bxd1 24. Bxf8 Kxf8 25. Rxd1 Rxc7 26. g4 Ke7 27. f3 Rd7 28. Rxd7+ Kxd7 29. Kf2 Bh6 30. Ke2 Kd6 31. Be4 b6 32. Kd3 Kc5 33. b3 Bf4 34. h4 h5 35. gxh5 gxh5 36. Bh7 Bg3 37. Bg8 f6 38. Bf7 Bxh4 39. Bxh5 Bg5 40. Bf7 Bf4 41. Ke4 Bd2 42. Kd3 Bg5 1/2-1/2

[Event "Campeonato Individual para Veteranos 65 de Madrid 2024-2025"]
[Site "Madrid ESP"]
[Date "2025.05.20"]
[Round "2.8"]
[White "Fernandez Garcia, Ignacio"]
[Black "Hortelano Hap, Ramon"]
[Result "1-0"]
[WhiteElo "1818"]
[BlackElo "1688"]
[PlyCount "56"]
[GameId "2179724306251970"]
[EventDate "2025.05.19"]

1. d4 c6 2. Nf3 d5 3. Bf4 Bf5 4. Nbd2 Nf6 5. e3 e6 6. Ne5 h6 7. h3 Nbd7 8. Ndf3 Nh5 9. Bh2 Nxe5 10. Nxe5 Nf6 11. Be2 Bd6 12. O-O O-O 13. g4 Be4 14. f3 Bh7 15. Rf2 Qc7 16. Bd3 Bxd3 17. Nxd3 Bxh2+ 18. Rxh2 Qg3+ 19. Kh1 Nh7 20. h4 Qd6 21. Qg1 f6 22. Qg2 Rae8 23. Rg1 b6 24. f4 e5 25. g5 h5 26. g6 Ng5 27. hxg5 e4 28. Rxh5 f5 1-0

[Event "Campeonato Individual para Veteranos 65 de Madrid 2024-2025"]
[Site "Madrid ESP"]
[Date "2025.05.20"]
[Round "2.9"]
[White "Garcia Marin, Blas"]
[Black "Barahona Torrijos, Angel"]
[Result "0-1"]
[WhiteElo "1590"]
[BlackElo "1815"]
[PlyCount "96"]
[GameId "2179730596171992"]
[EventDate "2025.05.19"]

1. e4 e5 2. Nf3 Nc6 3. Bc4 Nf6 4. d3 d5 5. exd5 Nxd5 6. Nc3 Nxc3 7. bxc3 Be7 8. O-O O-O 9. Re1 Bd6 10. Bg5 Qd7 11. d4 Qg4 12. h3 Qh5 13. Be2 e4 14. h4 exf3 15. Bxf3 Qg6 16. d5 Ne5 17. Be4 f5 18. Bd3 Nxd3 19. cxd3 f4 20. Qf3 h6 21. Be7 Bg4 22. Qe4 Qxe4 23. Rxe4 Bxe7 24. Rxe7 Rf7 25. Re5 Kf8 26. f3 Bf5 27. d4 g5 28. h5 Re8 29. Rae1 Rxe5 30. dxe5 Rd7 31. c4 c6 32. e6 Rd6 33. Re5 Bd3 34. Kf2 Ke7 35. g3 fxg3+ 36. Kxg3 cxd5 37. c5 Rxe6 38. Rxd5 Bc4 39. Rd4 Bxa2 40. f4 gxf4+ 41. Kxf4 Rc6 42. Re4+ Kf6 43. Re5 a5 44. Rf5+ Ke7 45. Re5+ Re6 46. Rf5 Rf6 47. Ke5 Rxf5+ 48. Kxf5 Bf7 0-1

[Event "Campeonato Individual para Veteranos 65 de Madrid 2024-2025"]
[Site "Madrid ESP"]
[Date "2025.05.20"]
[Round "2.10"]
[White "Jimenez Ascarza, Jose Ignacio"]
[Black "Lorenzo Bailador, Alfredo"]
[Result "0-1"]
[WhiteElo "1704"]
[BlackElo "1968"]
[PlyCount "107"]
[GameId "2179733992378601"]
[EventDate "2025.05.19"]

1. e4 e5 2. Nf3 Nc6 3. Bc4 Nf6 4. d3 Bc5 5. Nbd2 d6 6. c3 O-O 7. O-O a5 8. h3 Be6 9. Bb5 Bd7 10. Ba4 Ne7 11. Bc2 Ng6 12. d4 Ba7 13. Re1 c6 14. Nc4 Be6 15. Ne3 Qc7 16. Nf5 Rfe8 17. Bg5 Nd7 18. N3h4 f6 19. Be3 Nxh4 20. Nxh4 exd4 21. cxd4 d5 22. Nf5 Bxf5 23. exf5 Nb6 24. Qg4 Nc4 25. Bf4 Qf7 26. b3 Na3 27. Bd3 Bxd4 28. Rad1 Bc5 29. Re6 Re7 30. Rde1 Rae8 31. Bh6 Kh8 32. Be3 Rxe6 33. fxe6 Rxe6 34. Qf5 g6 35. Qf4 Qe7 36. Rc1 Bxe3 37. fxe3 Rxe3 38. Bxg6 Re1+ 39. Rxe1 Qxe1+ 40. Kh2 Qe5 41. Qxe5 fxe5 42. Bf5 Nb5 43. Bc8 Nd6 44. Bg4 Kg7 45. Kg1 Kf6 46. Kf2 Kg5 47. Ke3 h5 48. Be2 c5 49. Bf3 e4 50. Be2 d4+ 51. Kd2 h4 52. Bg4 Kf4 53. Be2 Kg3 54. Bf1 0-1

[Event "Campeonato Individual para Veteranos 65 de Madrid 2024-2025"]
[Site "Madrid ESP"]
[Date "2025.05.20"]
[Round "2.11"]
[White "Martinez Pintor, Juan"]
[Black "Perez Agusti, Luis"]
[Result "0-1"]
[WhiteElo "1759"]
[BlackElo "1916"]
[PlyCount "30"]
[GameId "2179737660846330"]
[EventDate "2025.05.19"]

{[%evp 0,26,15,38,30,-5,8,-13,-22,-21,-49,-19,0,252,212,182,199,58,63,-20,-13,-221,-397,-518,-636,-565,-259,-308,-450]} 1. d4 c5 2. c3 Nf6 3. Bg5 Ne4 4. Bf4 cxd4 5. Qxd4 Nf6 6. Bxb8 Rxb8 7. Qxa7 Qc7 8. e3 e6 9. Qa4 b5 10. Bxb5 Qb7 11. Bxd7+ Bxd7 12. Qb3 Bc6 13. Qxb7 Rxb7 14. f3 Rxb2 15. Nd2 Nd5 0-1

[Event "Campeonato Individual para Veteranos 65 de Madrid 2024-2025"]
[Site "Madrid ESP"]
[Date "2025.05.20"]
[Round "2.13"]
[White "Salgado Duarte, Pablo"]
[Black "Gonzalez Rivera, Eduardo"]
[Result "0-1"]
[WhiteElo "1618"]
[BlackElo "2004"]
[PlyCount "96"]
[GameId "2179747275026746"]
[EventDate "2025.05.19"]

1. e4 e5 2. Nf3 Nc6 3. Bc4 Nf6 4. d3 Bc5 5. O-O d6 6. Bg5 h6 7. Be3 Bxe3 8. fxe3 Na5 9. Nbd2 Nxc4 10. Nxc4 Be6 11. Ncd2 c6 12. d4 Qb6 13. b3 O-O 14. c3 a5 15. Qc2 Ng4 16. Qd3 f5 17. h3 fxe4 18. Nxe4 Nf6 19. Nxd6 exd4 20. cxd4 Qc7 21. Ne4 a4 22. Nc5 Bxh3 23. Ne5 Bc8 24. Qc4+ Kh7 25. Qd3+ Kg8 26. Qc4+ Nd5 27. e4 b5 28. Rxf8+ Kxf8 29. Qf1+ Nf6 30. Qf4 Kg8 31. Rf1 Qd6 32. Qe3 Ng4 33. Nxg4 Bxg4 34. e5 Qd5 35. Qf4 Be6 36. Nxe6 Qxe6 37. bxa4 Rxa4 38. a3 Qd7 39. Rd1 c5 40. Rd2 Rxd4 41. Rxd4 Qxd4+ 42. Qxd4 cxd4 43. Kf2 Kf7 44. Kf3 Ke6 45. Ke4 d3 46. Kxd3 Kxe5 47. g3 h5 48. Kc3 g5 0-1

[Event "Campeonato Individual para Veteranos 65 de Madrid 2024-2025"]
[Site "Madrid ESP"]
[Date "2025.05.20"]
[Round "2.14"]
[White "Camarero Izquierdo, Juan Carlos"]
[Black "Benito Mellado, Humberto"]
[Result "1/2-1/2"]
[WhiteElo "1892"]
[BlackElo "1615"]
[PlyCount "133"]
[GameId "2179753785631058"]
[EventDate "2025.05.19"]

{[%evp 0,31,11,21,19,-9,20,5,12,18,10,25,24,-1,12,11,-90,12,6,13,0,3,-4,-67,43,5,57,-37,15,10,-98,26,16,-28]} 1. e4 c5 2. Nf3 d6 3. d4 cxd4 4. Nxd4 Nf6 5. Nc3 a6 6. Bg5 e6 7. f3 Be7 8. Qd2 b5 9. Bd3 Bb7 10. O-O-O O-O 11. h4 Kh8 12. g4 Nc6 13. Be3 Ne5 14. h5 Nxd3+ 15. Qxd3 b4 16. Nce2 Qa5 17. Kb1 Rac8 18. g5 Nd7 19. Nb3 Qa4 20. f4 Rc7 21. g6 fxg6 22. h6 Nf6 23. hxg7+ Kxg7 24. Bd4 Rfc8 25. Rc1 Kg8 26. Bxf6 Bxf6 27. Qxd6 Qd7 28. Qxb4 Rc4 29. Qd2 Qb5 30. Nbd4 Qb6 31. Rcd1 Bxe4 32. Rhe1 Rxd4 33. Nxd4 Bxc2+ 34. Ka1 Bxd1 35. Nxe6 Bf3 36. f5 Qc6 37. fxg6 hxg6 38. a3 Bd5 39. Nf4 Bf7 40. Rg1 Qc4 41. Rxg6+ Bxg6 42. Nxg6 Qc1+ 43. Qxc1 Rxc1+ 44. Ka2 Kf7 45. Nf4 Rd1 46. b4 Rd2+ 47. Kb3 Rb2+ 48. Ka4 Ra2 49. Nd3 Bc3 50. Kb3 Ra1 51. Kxc3 Rxa3+ 52. Kc4 Ke7 53. Nc5 Kd6 54. Nb3 Kc6 55. Na5+ Kb6 56. Nb3 Ra2 57. Kc3 Rh2 58. Nd4 Rh1 59. Nb3 Kb5 60. Nd4+ Ka4 61. Nc2 Rh3+ 62. Kb2 Rb3+ 63. Ka2 Rd3 64. Kb2 Rd8 65. Kc3 Rc8+ 66. Kb2 Rb8 67. Kc3 1/2-1/2

[Event "Campeonato Individual para Veteranos 65 de Madrid 2024-2025"]
[Site "Madrid ESP"]
[Date "2025.05.20"]
[Round "2.15"]
[White "Hernandez Gutierrez, Jose"]
[Black "Calle Trueba, Jose Antonio"]
[Result "1-0"]
[WhiteElo "1809"]
[BlackElo "1582"]
[PlyCount "37"]
[GameId "2179855058796645"]
[EventDate "2025.05.19"]

1. d4 d5 2. c4 e5 3. dxe5 d4 4. Nf3 Nc6 5. a3 Bg4 6. Bf4 a5 7. Nbd2 Bc5 8. h3 Bf5 9. Rc1 a4 10. g4 Be6 11. Ne4 Bb6 12. Bg2 Nge7 13. O-O Ng6 14. Bg3 O-O 15. Qd3 Re8 16. Rfd1 Ra5 17. c5 Ba7 18. Nxd4 Ncxe5 19. Qc3 1-0

[Event "Campeonato Individual para Veteranos 65 de Madrid 2024-2025"]
[Site "Madrid ESP"]
[Date "2025.05.20"]
[Round "2.16"]
[White "Ghavami, Mahmoud"]
[Black "Martinez Rubio, Felipe"]
[Result "1/2-1/2"]
[WhiteElo "1610"]
[BlackElo "1748"]
[PlyCount "163"]
[GameId "2179855848415350"]
[EventDate "2025.05.19"]

1. d4 Nf6 2. c4 e5 3. d5 Bb4+ 4. Bd2 Bxd2+ 5. Qxd2 d6 6. h3 Nbd7 7. Nc3 Nc5 8. Qc2 Bd7 9. b4 Na6 10. Rb1 O-O 11. e3 Nb8 12. Bd3 g6 13. Nge2 Qe7 14. Ng3 c6 15. Nge4 Nxe4 16. Nxe4 f5 17. Nc3 e4 18. Be2 a6 19. O-O Be8 20. Rbd1 Bf7 21. Rd4 b6 22. Rfd1 c5 23. bxc5 bxc5 24. R4d2 Nd7 25. Rb1 Rfb8 26. Rdd1 Qd8 27. Rb3 Be8 28. Rdb1 Rxb3 29. axb3 Rb8 30. Qa2 Ra8 31. Ra1 Qb6 32. Qa3 Nb8 33. Qa5 Nd7 34. f3 exf3 35. gxf3 Kf7 36. Kf2 Ke7 37. h4 Qxa5 38. Rxa5 Nb6 39. Kg3 Bd7 40. Kf4 Kf6 41. Bd3 h6 42. Ra1 g5+ 43. hxg5+ hxg5+ 44. Kg3 Ke5 45. Ne2 a5 46. f4+ Kf6 47. Nc3 a4 48. bxa4 Nxa4 49. Bc2 Nb6 50. Rxa8 Nxa8 51. fxg5+ Kxg5 52. Nb5 Bxb5 53. cxb5 Nb6 54. e4 fxe4 55. Bxe4 c4 56. Kf3 c3 57. Ke3 c2 58. Kd2 Kf4 59. Bg2 Ke5 60. Kxc2 Nxd5 61. Kb3 Nb6 62. Kb4 Kd4 63. Ka5 Kc5 64. Bf3 d5 65. Ka6 d4 66. Be4 Nc4 67. Bd3 Nb6 68. Ka7 Na4 69. Bc2 Nb6 70. Ka6 Nc4 71. Be4 Nb6 72. Bd3 Nd7 73. Ka7 Nb6 74. Kb7 Nd7 75. Kc7 Nb6 76. Kb7 Nd5 77. Ka7 Nb6 78. Kb7 Nd5 79. Ka6 Nb6 80. Kb7 Nd5 81. Ka7 Nb6 82. Kb7 1/2-1/2

[Event "Campeonato Individual para Veteranos 65 de Madrid 2024-2025"]
[Site "Madrid ESP"]
[Date "2025.05.20"]
[Round "2.17"]
[White "Alonso Ibanez, Jose"]
[Black "Martinez Gallardo, Javier"]
[Result "0-1"]
[WhiteElo "1569"]
[BlackElo "1713"]
[PlyCount "78"]
[GameId "2179864451371150"]
[EventDate "2025.05.19"]

1. e4 c5 2. Nf3 Nc6 3. d4 cxd4 4. Nxd4 Nf6 5. Nc3 d6 6. Be2 e6 7. O-O Be7 8. Be3 O-O 9. Qd2 Nxd4 10. Bxd4 e5 11. Be3 b6 12. Rad1 Bb7 13. f3 Qc8 14. Bg5 Rd8 15. Kh1 Rd7 16. Nd5 Nxd5 17. exd5 Bxg5 18. Qxg5 Rc7 19. Qd2 Rxc2 20. Qe3 Rc5 21. Rc1 Bxd5 22. b3 Qc7 23. Rfd1 Bb7 24. b4 Rxc1 25. Rxc1 Qd7 26. Rd1 Rd8 27. a3 Qe7 28. f4 f6 29. Bc4+ d5 30. Qd2 Qc7 31. Ba2 Kf8 32. f5 e4 33. g4 e3 34. Qd4 Qe5 35. Kg1 e2 36. Kf2 exd1=Q 37. Qxd1 Qxh2+ 38. Ke3 Qxa2 39. Qc1 Re8+ 0-1

[Event "Campeonato Individual para Veteranos 65 de Madrid 2024-2025"]
[Site "Madrid ESP"]
[Date "2025.05.20"]
[Round "2.18"]
[White "Vallespin Morales, Antonio"]
[Black "Diaz Begonte, Manuel"]
[Result "0-1"]
[WhiteElo "1530"]
[BlackElo "1699"]
[PlyCount "76"]
[GameId "2179865436045469"]
[EventDate "2025.05.19"]

1. e4 d5 2. exd5 Nf6 3. d3 Nxd5 4. Nc3 c6 5. Bd2 g6 6. Nxd5 cxd5 7. c3 Bg7 8. Be2 O-O 9. Nf3 Nc6 10. O-O e5 11. Bg5 Qb6 12. Rb1 Be6 13. a3 Rac8 14. Re1 f6 15. Bh4 g5 16. Bg3 Ne7 17. h3 Ng6 18. Bf1 h6 19. Nd2 f5 20. Qb3 Qc6 21. Rbc1 f4 22. Bh2 Qd7 23. Nf3 g4 24. hxg4 Bxg4 25. Nd2 Kh7 26. f3 Be6 27. Qd1 Bf5 28. Nb3 b6 29. c4 d4 30. Nd2 Bf6 31. Ne4 Bxe4 32. Rxe4 Nh4 33. Rc2 Nf5 34. Qd2 Ne3 35. Rc1 Rg8 36. Re1 Rg7 37. Re2 Rcg8 38. Kh1 Nxf1 0-1

[Event "Campeonato Individual para Veteranos 65 de Madrid 2024-2025"]
[Site "Madrid ESP"]
[Date "2025.05.20"]
[Round "2.19"]
[White "Poblador Dieguez, Alfredo"]
[Black "Lopez Manso, Jeronimo"]
[Result "1/2-1/2"]
[WhiteElo "1698"]
[BlackElo "1547"]
[PlyCount "102"]
[GameId "2179866459132078"]
[EventDate "2025.05.19"]

1. d4 c5 2. d5 e5 3. dxe6 fxe6 4. e3 Nf6 5. c4 b6 6. Nf3 Bb7 7. Be2 Be7 8. O-O Na6 9. Nc3 O-O 10. b3 Nc7 11. Bb2 Qe8 12. Qc2 d5 13. cxd5 exd5 14. Rad1 Rd8 15. h3 Bd6 16. a4 Qf7 17. Nb5 h6 18. Nxa7 Na6 19. Nb5 Nb4 20. Qf5 Bc8 21. Qb1 Nh5 22. Nxd6 Rxd6 23. Ne5 Qe8 24. Bd3 Nxd3 25. Nxd3 Qe7 26. Be5 Rg6 27. Nf4 Rg5 28. Nxh5 Rxe5 29. Nf4 Bb7 30. Ng6 Qf6 31. Nxf8 Kxf8 32. Qb2 Qe6 33. Rde1 Rg5 34. f4 Rg3 35. Qe5 Qg6 36. Rf2 Ba6 37. f5 Qg5 38. Qf4 Kf7 39. Qxg5 Rxg5 40. e4 d4 41. e5 Rg3 42. Rb1 Rc3 43. Rf3 Bd3 44. Rb2 Be4 45. Rxc3 dxc3 46. Ra2 Bxf5 47. a5 bxa5 48. Rxa5 Be6 49. Rxc5 Bxb3 50. Rxc3 Be6 51. h4 Kg6 1/2-1/2

[Event "Campeonato Individual para Veteranos 65 de Madrid 2024-2025"]
[Site "Madrid ESP"]
[Date "2025.05.20"]
[Round "2.20"]
[White "Conchillo Roman, Jose Ignacio"]
[Black "Tresguerres Riestra, Juan Jose"]
[Result "1-0"]
[WhiteElo "1683"]
[BlackElo "1487"]
[PlyCount "47"]
[GameId "2179871346266421"]
[EventDate "2025.05.19"]

1. e4 c6 2. d4 d5 3. f3 dxe4 4. fxe4 e6 5. Nf3 Nf6 6. e5 Nd5 7. c4 Nb6 8. Nc3 Be7 9. Bd3 c5 10. Be3 Nc6 11. dxc5 Nb4 12. Ke2 Qxd3+ 13. Qxd3 Nxd3 14. Kxd3 Nd7 15. Nb5 Kf8 16. Nd6 Nb8 17. Nxc8 Nc6 18. Nxe7 Kxe7 19. Kc3 h6 20. Rad1 Rhc8 21. Rd6 a5 22. Rhd1 Rc7 23. b3 Rac8 24. g4 1-0

[Event "Campeonato Individual para Veteranos 65 de Madrid 2024-2025"]
[Site "Madrid ESP"]
[Date "2025.05.20"]
[Round "2.21"]
[White "Lozano Valverde, Eduardo"]
[Black "Martinez Miura, Enrique"]
[Result "1/2-1/2"]
[WhiteElo "1454"]
[BlackElo "1680"]
[PlyCount "58"]
[GameId "2179871945683268"]
[EventDate "2025.05.19"]

1. d4 d5 2. c4 e6 3. Nc3 Nf6 4. e3 Be7 5. Nf3 O-O 6. Bd3 Nbd7 7. O-O b6 8. e4 dxe4 9. Nxe4 Bb7 10. Re1 c5 11. dxc5 Nxc5 12. Nxc5 Bxc5 13. Be3 Bxf3 14. gxf3 Bxe3 15. Rxe3 Qc7 16. b3 Rad8 17. Qc2 Rd4 18. Bf1 Rh4 19. h3 Nh5 20. Re4 Rxe4 21. Qxe4 Nf6 22. Qe3 Rd8 23. Re1 h6 24. Bg2 Rd7 25. Qe5 Qd8 26. a4 Rd2 27. Re2 Rd1+ 28. Re1 Rd2 29. Re2 Rd1+ 1/2-1/2

[Event "Campeonato Individual para Veteranos 65 de Madrid 2024-2025"]
[Site "Madrid ESP"]
[Date "2025.05.21"]
[Round "3.1"]
[White "Barahona Torrijos, Angel"]
[Black "Martin Martin, Luis Vicente"]
[Result "0-1"]
[WhiteElo "1815"]
[BlackElo "1958"]
[PlyCount "90"]
[GameId "2180033561776385"]
[EventDate "2025.05.19"]

1. d4 d5 2. Nf3 Nf6 3. e3 Bf5 4. c4 e6 5. Nc3 c6 6. Bd3 Bg6 7. cxd5 exd5 8. Bxg6 hxg6 9. Ne5 Nfd7 10. Nd3 Bd6 11. f4 Qh4+ 12. Kd2 g5 13. g3 Qh5 14. Qxh5 Rxh5 15. Kc2 gxf4 16. exf4 Na6 17. Re1+ Kf8 18. h4 Nb4+ 19. Nxb4 Bxb4 20. Bd2 Re8 21. Ne4 Rxe4 22. Bxb4+ Ke8 23. Kd3 f5 24. Re3 Rh6 25. Rg1 Rxe3+ 26. Kxe3 Re6+ 27. Kf3 Nf6 28. Re1 Re4 29. Bc3 Kd7 30. a4 g6 31. b4 a6 32. Rb1 Ng4 33. Re1 Kc7 34. Re2 b6 35. Re1 Kd6 36. Re2 Rxe2 37. Kxe2 c5 38. dxc5+ bxc5 39. bxc5+ Kxc5 40. a5 d4 41. Be1 Kc4 42. Kd1 Kd3 43. Bd2 Nf2+ 44. Kc1 Ke2 45. Bb4 Nd3+ 0-1

[Event "Campeonato Individual para Veteranos 65 de Madrid 2024-2025"]
[Site "Madrid ESP"]
[Date "2025.05.21"]
[Round "3.2"]
[White "Garcia Galeote, Lorenzo"]
[Black "Martin-Consuegra Barrilero, Javi"]
[Result "1-0"]
[WhiteElo "1894"]
[BlackElo "1825"]
[PlyCount "58"]
[GameId "2180020193779878"]
[EventDate "2025.05.19"]

1. Nf3 Nf6 2. d4 d6 3. Nc3 Nbd7 4. e4 e5 5. Rg1 c6 6. g4 g6 7. g5 Nh5 8. Be3 Qc7 9. a4 a5 10. Bc4 Bg7 11. d5 c5 12. Nh4 Nf4 13. Nb5 Qb6 14. Qf3 Nh5 15. O-O-O Nb8 16. Bd2 Na6 17. Bc3 O-O 18. Nf5 Rd8 19. Bd3 Nb4 20. Kb1 Bxf5 21. exf5 Nxd3 22. Rxd3 Rd7 23. f6 Bh8 24. Qg4 Qd8 25. Rh3 b6 26. Na3 Raa7 27. Bd2 Bxf6 28. gxf6 Nxf6 29. Qh4 Nh5 1-0

[Event "Campeonato Individual para Veteranos 65 de Madrid 2024-2025"]
[Site "Madrid ESP"]
[Date "2025.05.21"]
[Round "3.3"]
[White "Lorenzo Bailador, Alfredo"]
[Black "Fernandez Garcia, Ignacio"]
[Result "1/2-1/2"]
[WhiteElo "1968"]
[BlackElo "1818"]
[PlyCount "136"]
[GameId "2180039566168362"]
[EventDate "2025.05.19"]

1. e4 c6 2. d4 d6 3. Be3 Nf6 4. f3 Nbd7 5. Bc4 b5 6. Bb3 e5 7. c3 a5 8. a4 b4 9. Nd2 d5 10. Ne2 Ba6 11. O-O exd4 12. cxd4 c5 13. e5 cxd4 14. Bxd4 Nh5 15. Re1 Bc5 16. Nf1 O-O 17. Nfg3 Nxg3 18. Nxg3 Qb6 19. Bxc5 Nxc5 20. Qd4 Nxa4 21. Qxb6 Nxb6 22. Rxa5 Bc4 23. Rxa8 Rxa8 24. Bxc4 dxc4 25. Ne4 h6 26. Rc1 Ra2 27. Nd6 Rxb2 28. Nxc4 Nxc4 29. Rxc4 b3 30. Rb4 g5 31. h3 Kg7 32. Kh2 Rb1 33. Kg3 h5 34. h4 gxh4+ 35. Kxh4 b2 36. Kg3 Kg6 37. Kf4 h4 38. Rb6+ Kg7 39. Kf5 h3 40. gxh3 Rf1 41. Rxb2 Rxf3+ 42. Kg4 Re3 43. Rb5 Re1 44. h4 Rg1+ 45. Kf5 Rf1+ 46. Kg5 Rg1+ 47. Kh5 Re1 48. Kg4 Rg1+ 49. Kf3 Rf1+ 50. Kg3 Rg1+ 51. Kf3 Rf1+ 52. Kg2 Rf4 53. Kg3 Rf1 54. Rb4 Rg1+ 55. Kf4 Rf1+ 56. Kg4 Re1 57. Kf5 Rf1+ 58. Ke4 Rh1 59. Kd5 Rg1 60. Rd4 Kf8 61. Kd6 Rg6+ 62. Kd5 Rh6 63. Rf4 Ke7 64. Ra4 Kf8 65. Rg4 Ke7 66. Rf4 Ke8 67. Ke4 Ke7 68. Rg4 Ke6 1/2-1/2

[Event "Campeonato Individual para Veteranos 65 de Madrid 2024-2025"]
[Site "Madrid ESP"]
[Date "2025.05.21"]
[Round "3.4"]
[White "Lopez Heras, Arturo"]
[Black "Pastor Alonso De Prado, Alberto"]
[Result "0-1"]
[WhiteElo "1822"]
[BlackElo "1977"]
[PlyCount "90"]
[GameId "2180035019329807"]
[EventDate "2025.05.19"]

1. g3 d5 2. Nf3 e6 3. Bg2 Nf6 4. d3 b6 5. c4 Be7 6. O-O O-O 7. cxd5 Nxd5 8. Nc3 Bb7 9. Nxd5 Bxd5 10. Bf4 Nd7 11. Qc2 Bd6 12. Bxd6 cxd6 13. e4 Bb7 14. d4 Qe7 15. Rac1 Rfc8 16. Qd3 a5 17. Rfe1 g6 18. Qe3 Kg7 19. Qd3 e5 20. Bh3 Rxc1 21. Rxc1 Nf6 22. d5 Ba6 23. Qe3 Qd8 24. Nd2 Ra7 25. Rc6 Rb7 26. Bc8 Ra7 27. Bxa6 Rxa6 28. Nc4 Ne8 29. Qd3 Ra8 30. Nxb6 Rb8 31. Qa6 a4 32. Nxa4 Qg5 33. b3 Qd2 34. Qc4 Qxa2 35. Nb6 Nf6 36. f3 Qd2 37. Rxd6 Qe3+ 38. Kg2 Rxb6 39. Rxb6 Qxb6 40. b4 Qe3 41. b5 Nd7 42. Qc6 Qe2+ 43. Kg1 Nf6 44. d6 Qxf3 45. Qd5 Nxd5 0-1

[Event "Campeonato Individual para Veteranos 65 de Madrid 2024-2025"]
[Site "Madrid ESP"]
[Date "2025.05.21"]
[Round "3.5"]
[White "Perez Agusti, Luis"]
[Black "Alberdi Garcia, Carlos Alfonso"]
[Result "1/2-1/2"]
[WhiteElo "1916"]
[BlackElo "1769"]
[PlyCount "68"]
[GameId "2180042341081407"]
[EventDate "2025.05.19"]

1. d4 Nf6 2. Nf3 e6 3. Bg5 d5 4. e3 Be7 5. Bd3 O-O 6. O-O b6 7. c3 Bb7 8. Nbd2 Nbd7 9. Re1 Rc8 10. e4 Nxe4 11. Bxe7 Qxe7 12. Nxe4 dxe4 13. Bxe4 Bxe4 14. Rxe4 c6 15. Ne5 Nxe5 16. Rxe5 Rcd8 17. Qa4 Qc7 18. Rae1 Rd5 19. f4 Rfd8 20. f5 Rxe5 21. Rxe5 exf5 22. Qc2 g6 23. b4 Qd7 24. Qe2 Kf8 25. Qe3 Re8 26. Qh6+ Kg8 27. Qe3 Rxe5 28. Qxe5 Qe6 29. Qb8+ Kg7 30. h3 Qxa2 31. Qe5+ Kf8 32. Qd6+ Kg7 33. Qe5+ Kf8 34. Qd6+ Kg7 1/2-1/2

[Event "Campeonato Individual para Veteranos 65 de Madrid 2024-2025"]
[Site "Madrid ESP"]
[Date "2025.05.21"]
[Round "3.6"]
[White "Pinan Gaviria, Jose"]
[Black "Cabanas Bravo, Juan Andres"]
[Result "1-0"]
[WhiteElo "1802"]
[BlackElo "1911"]
[PlyCount "87"]
[GameId "2180044066623823"]
[EventDate "2025.05.19"]

1. e4 d5 2. exd5 Nf6 3. d4 Bg4 4. Be2 Bxe2 5. Qxe2 Qxd5 6. Nf3 Nc6 7. c3 O-O-O 8. O-O e6 9. b4 Bd6 10. Nbd2 g5 11. c4 Nxd4 12. Qe3 Nxf3+ 13. Nxf3 Qxc4 14. Qxa7 g4 15. Ng5 Rhf8 16. Bb2 Qf4 17. Qa8+ Kd7 18. Qa4+ c6 19. g3 Qxg5 20. b5 cxb5 21. Bxf6 Qxf6 22. Qxb5+ Kc7 23. Rab1 Qf3 24. Rfc1+ Kb8 25. Rc6 Rd7 26. Ra6 Rfd8 27. Qa5 Kc8 28. Ra8+ Bb8 29. Rc1+ Qc6 30. Rxc6+ bxc6 31. Qb6 Rb7 32. Qxc6+ Rc7 33. Qa6+ Rb7 34. Qc4+ Kd7 35. Qxg4 Rc8 36. Qe4 Rcc7 37. Qxh7 Ke7 38. Qh8 Rc1+ 39. Kg2 Rcb1 40. h4 e5 41. h5 R1b2 42. h6 f6 43. h7 Ba7 44. Rxa7 1-0

[Event "Campeonato Individual para Veteranos 65 de Madrid 2024-2025"]
[Site "Madrid ESP"]
[Date "2025.05.21"]
[Round "3.7"]
[White "Ciuro Munoz, Ricardo"]
[Black "Olmedo Camacho, Jose"]
[Result "1-0"]
[WhiteElo "1883"]
[BlackElo "1752"]
[PlyCount "65"]
[GameId "2180023319867575"]
[EventDate "2025.05.19"]

1. Nf3 Nc6 2. g3 d5 3. Bg2 Bf5 4. O-O Nf6 5. d3 e6 6. Nbd2 Bc5 7. c4 d4 8. Nh4 Bg4 9. Nhf3 Qd7 10. Qa4 O-O 11. Nb3 Be7 12. Na5 Nxa5 13. Qxa5 Bxf3 14. Bxf3 c5 15. Bf4 b6 16. Qa6 Rad8 17. a4 Ne8 18. a5 g5 19. Bd2 f5 20. axb6 axb6 21. Qxb6 Nc7 22. Ra7 Rc8 23. Ba5 Bd6 24. Ra1 Rf7 25. b4 cxb4 26. Qxd4 e5 27. Qb6 Qe7 28. Qb7 Qf8 29. Bxc7 Bxc7 30. Bd5 Qd8 31. Ra8 Bb8 32. Qxf7+ Kh8 33. Rxb8 1-0

[Event "Campeonato Individual para Veteranos 65 de Madrid 2024-2025"]
[Site "Madrid ESP"]
[Date "2025.05.21"]
[Round "3.8"]
[White "Gonzalez Rivera, Eduardo"]
[Black "Mauriello, Nunzio"]
[Result "1-0"]
[WhiteElo "2004"]
[BlackElo "1742"]
[PlyCount "43"]
[GameId "2180018584309898"]
[EventDate "2025.05.19"]

1. e4 c6 2. d4 d5 3. Nc3 dxe4 4. Nxe4 Nf6 5. Nxf6+ exf6 6. Bf4 Bd6 7. Qd2 Bf5 8. O-O-O O-O 9. Ne2 Na6 10. Ng3 Bg6 11. h4 Bxf4 12. Qxf4 h6 13. h5 Bh7 14. Nf5 Nb4 15. Rh3 Bxf5 16. Qxf5 Qd5 17. Qg4 Nxa2+ 18. Kb1 Nb4 19. Rg3 Qg5 20. Qf3 Qd5 21. Qxf6 g5 22. hxg6 1-0

[Event "Campeonato Individual para Veteranos 65 de Madrid 2024-2025"]
[Site "Madrid ESP"]
[Date "2025.05.21"]
[Round "3.9"]
[White "Diaz Begonte, Manuel"]
[Black "Hernandez Gutierrez, Jose"]
[Result "0-1"]
[WhiteElo "1699"]
[BlackElo "1809"]
[PlyCount "58"]
[GameId "2180024057512133"]
[EventDate "2025.05.19"]

1. d4 c6 2. e4 d5 3. e5 c5 4. dxc5 e6 5. Be3 Nd7 6. Bd4 Bxc5 7. c3 Qb6 8. b4 Bxd4 9. Qxd4 Ne7 10. Qxb6 Nxb6 11. Nf3 Bd7 12. Nbd2 Rc8 13. Rc1 Nc6 14. Nb3 Na4 15. Be2 a6 16. O-O O-O 17. b5 axb5 18. Bxb5 Nxe5 19. Bxd7 Nxd7 20. Na5 b6 21. Nb3 Nxc3 22. Rc2 Ne4 23. Rfc1 Rxc2 24. Rxc2 Nec5 25. Nbd4 Ra8 26. Nb5 Ra4 27. Nfd4 Rb4 28. f3 e5 29. Re2 f6 0-1

[Event "Campeonato Individual para Veteranos 65 de Madrid 2024-2025"]
[Site "Madrid ESP"]
[Date "2025.05.21"]
[Round "3.10"]
[White "Hortelano Hap, Ramon"]
[Black "Martinez De La Puente, Ignacio"]
[Result "1/2-1/2"]
[WhiteElo "1688"]
[BlackElo "1786"]
[PlyCount "47"]
[GameId "2180025260880085"]
[EventDate "2025.05.19"]

1. c4 c6 2. d4 d5 3. cxd5 cxd5 4. g3 Nc6 5. Bg2 Nf6 6. Nf3 e6 7. O-O Bd6 8. Nc3 a6 9. a3 Bd7 10. Na4 O-O 11. Bg5 Be7 12. Rc1 b5 13. Nc5 Bxc5 14. Rxc5 h6 15. Bf4 Ne4 16. Rc2 b4 17. Nd2 Nxd2 18. Qxd2 bxa3 19. Bd6 Re8 20. Bxa3 Qb6 21. Bc5 Qb5 22. e4 dxe4 23. Bxe4 Rad8 24. Ra1 1/2-1/2